000 00687nam a2200289Ia 4500
005 20260324130728.0
008 008 260324s9999 xx 000 0 eng d
020 _a9781315080598
037 _aEBOOK
040 _aCRL
040 _beng
040 _cCRL
041 _2eng
041 _aeng
084 _qCRL
100 _aGregg Rickman
_91182881
245 0 _aConquest and Redemption
245 2 _bA History of Jewish Assets from the Holocaust
260 _bTaylor and Francis
260 _c2007
365 _a
365 _b230
856 _uhttp://www.taylorfrancis.com/books/9781315080598
942 _cEBOOK
999 _c1779295
_d1779295